000 00537nam a2200193Ia 4500
005 20260120130837.0
008 008 260114s9999 xx 000 0 eng d
020 _a9780191689048
037 _aEBOOK
040 _aCRL
_beng
_cCRL
041 _aeng
_2eng
084 _qCRL
100 _aChangeux, Chavaillon
_9919890
245 0 _aOrigins of the Human Brain
260 _bOxford University PressOxford University Press
_c2012
856 _uhttps://academic.oup.com/book/27707
942 _cEBOOK
999 _c1511796
_d1511796